000 00506nam a2200157 i 4500
001 63117
003 ES-MaACL
005 20230906164805.0
007 t|
008 031128s1971 sp ||||1| spa d
100 1 _aFernández Romero, Andrés.
_950044
245 1 3 _aEl Consejo de Administración y el plan a largo plazo /
_cAndrés Fernández Romero.
260 _a[Madrid] :
_bAsociación para el Progreso de la Dirección,
_c[1971]
300 _a202 p. ;
_c23 cm.
852 _aES-MaACL
_jC-42378
_bR.80669
999 _c63117
_d63117